| 000 | 01156nam a2200313 i 4500 | ||
|---|---|---|---|
| 005 | 20160115040113.0 | ||
| 008 | 160115s2001 mx |r||| |||| 00spa dpa d | ||
| 040 |
_aCO-BoIAVH _cCO-BoIAVH |
||
| 041 | _aspa | ||
| 044 | _amx | ||
| 082 | 0 | 4 |
_a333.72 _bP95f |
| 100 | 1 | _aPrimack, Richard | |
| 245 | 1 | 0 |
_aFundamentos de conservación biológica : _bperspectivas latinoamericanas / _cRichard Primack y (otros cuatro autores). |
| 260 |
_aMéxico : _bFondo de Cultura Económica ; _c2001. |
||
| 300 | _a797 p. | ||
| 650 | 1 | 4 |
_aDiversidad biológica _zAmérica Latina |
| 650 | 2 | 4 |
_aConservación biológica _zAmérica Latina |
| 650 | 2 | 4 |
_aConservación de especies _zAmérica Latina |
| 650 | 2 | 4 |
_aÁreas protegidas _zAmérica Latina |
| 650 | 2 | 4 |
_aDesarrollo sostenible _zAmérica Latina |
| 650 | 2 | 4 |
_aFauna _xConservación |
| 650 | 2 | 4 |
_aFlora _xConservación |
| 700 |
_aRozzi, Ricardo, _eautor. |
||
| 700 |
_aFeinsinger, Peter _eautor. |
||
| 700 |
_aDirzo, Rodolfo _eautor. |
||
| 700 |
_aMassardo, Francisca _eautor. |
||
| 942 |
_cLIBRO _2ddc |
||
| 945 | _d2004-05-14 | ||
| 999 |
_c3844 _d3844 |
||